Music Quiz

Random Music or Song Quiz
Score 0/183 Timer 08:00
7 Plays Today
% Correct
a
97.2%
a
97.2%
a
97.2%
a
97.2%
a
97.2%
a
97.2%
a
97.2%
a
97.2%
a
97.2%
a
97.2%
a
97.2%
a
97.2%
a
97.2%
daydream
96.3%
daydream
96.3%
daydream
96.3%
daydream
96.3%
daydream
96.3%
daydream
96.3%
I
96.3%
I
96.3%
I
96.3%
believer
96%
believer
96%
believer
96%
believer
96%
believer
96%
believer
96%
be
94.7%
and
93%
and
93%
and
93%
and
93%
and
93%
and
93%
and
93%
and
93%
and
93%
and
93%
it
88.6%
it
88.6%
it
88.6%
it
88.6%
it
88.6%
it
88.6%
it
88.6%
it
88.6%
queen?
88.6%
queen?
88.6%
queen?
88.6%
queen?
88.6%
queen?
88.6%
queen?
88.6%
homecoming
88.2%
homecoming
88.2%
homecoming
88.2%
homecoming
88.2%
homecoming
88.2%
homecoming
88.2%
to
87.3%
to
87.3%
% Correct
to
87.3%
to
87.3%
to
87.3%
to
87.3%
to
87.3%
can
87.1%
can
87.1%
can
87.1%
can
87.1%
can
87.1%
can
87.1%
can
87.1%
what
86.2%
what
86.2%
what
86.2%
what
86.2%
what
86.2%
what
86.2%
me
83.9%
Oh
83.5%
oh
83.5%
Oh
83.5%
oh
83.5%
oh
83.5%
oh
83.5%
oh
83.5%
oh
83.5%
mean
82.4%
mean
82.4%
mean
82.4%
mean
82.4%
mean
82.4%
mean
82.4%
up
81.9%
up
81.9%
up
81.9%
up
81.9%
up
81.9%
up
81.9%
the
81.8%
the
81.8%
The
81.8%
the
81.8%
sleep
80.6%
Jean
79.1%
Jean
79.1%
Jean
79.1%
Jean
79.1%
Jean
79.1%
Jean
79.1%
sleepy
78.6%
sleepy
78.6%
sleepy
78.6%
sleepy
78.6%
sleepy
78.6%
sleepy
78.6%
Cheer
76.6%
Cheer
76.6%
Cheer
76.6%
Cheer
76.6%
Cheer
76.6%
% Correct
Cheer
76.6%
of
70.3%
of
70.3%
of
70.3%
You
68.9%
you
68.9%
My
64.4%
as
64.3%
as
64.3%
on
62.4%
she
62.4%
my
61.7%
do
58.6%
could
57%
we
56.4%
never
55.1%
how
54.9%
how
54.9%
out
54%
six
53.9%
o'clock
53.8%
eyes
53.2%
alarm
53.1%
would
52.6%
ring
52.1%
But
51.6%
But
51.6%
bluebird
51.5%
know
51.3%
sings
50.7%
wipe
49.6%
wings
44.9%
rise
44.5%
Now
44%
happy
43.9%
'neath
43.6%
thought
42.4%
stings
42.3%
cold
42.3%
white
41.8%
rings
41.8%
knight
41%
shavin'
41%
razor's
40.2%
steed
39%
good
38.8%
once
38.7%
hide
38%
his
36.8%
much
36.6%
really
35.7%
need?
35.4%
times
34.9%
our
33%
one
32.6%
start
31.6%
baby
31.3%
end
29.5%
spend
28.8%
dollar
28.3%
without
24.8%
Come Together.
Have Fun.
All Virtual.
We all need to come together. Play Sporcle's virtual live trivia to have fun, connect with people, and get your trivia on. Join a live hosted trivia game for your favorite pub trivia experience done virtually. If a virtual private party is more your thing, go here for details.

You're not logged in!

Compare scores with friends on all Sporcle quizzes.
OR
Log In

Sporcle TV

Today on Sporcle TV


Watch our educational content, quiz creation guides, and fun videos on Sporcle TV.

Show Comments

Extras

Top Quizzes Today


Score Distribution

Paid Content

Your Account Isn't Verified!

In order to create a playlist on Sporcle, you need to verify the email address you used during registration. Go to your Sporcle Settings to finish the process.

Report this User

Report this user for behavior that violates our Community Guidelines.

Details: